<?xml version="1.0" encoding="UTF-8"?>
<collection xmlns:xsi="http://www.w3.org/2001/XMLSchema-instance" xsi:schemaLocation="http://www.loc.gov/MARC21/slim http://www.loc.gov/standards/marcxml/schema/MARC21slim.xsd" xmlns="http://www.loc.gov/MARC21/slim">
 <record>
  <leader>00000cam a22000004a 4500</leader>
  <controlfield tag="001">UP-99796217610473299</controlfield>
  <controlfield tag="003">Buklod</controlfield>
  <controlfield tag="005">20120912144723.0</controlfield>
  <controlfield tag="006">m    |q  d |      </controlfield>
  <controlfield tag="007">ta</controlfield>
  <controlfield tag="008">730402s1965    dcuabd  rb   |100 0|eng d</controlfield>
  <datafield tag="035" ind1=" " ind2=" ">
   <subfield code="a">(iLib)UPD-00191505819</subfield>
  </datafield>
  <datafield tag="040" ind1=" " ind2=" ">
   <subfield code="a">CSU</subfield>
   <subfield code="c">CSU</subfield>
   <subfield code="d">OCL</subfield>
   <subfield code="d">OCLCQ</subfield>
   <subfield code="d">IZA</subfield>
   <subfield code="d">CBT</subfield>
   <subfield code="d">NCTS LIBRARY</subfield>
  </datafield>
  <datafield tag="110" ind1="2" ind2=" ">
   <subfield code="a">National Research Council (U.S.).</subfield>
   <subfield code="b">Highway Research Board.</subfield>
  </datafield>
  <datafield tag="245" ind1="1" ind2="0">
   <subfield code="a">Maintenance practices</subfield>
   <subfield code="b">maintenance in developing areas ; snow and ice properties ; bridge deck insulation ; pavement electrical heating ; performance of bonded concrete overlays ; 5 reports ; presented at the 44th Annual Meeting, January 11-15, 1965.</subfield>
  </datafield>
  <datafield tag="246" ind1="3" ind2="0">
   <subfield code="a">Maintenance in developing areas.</subfield>
  </datafield>
  <datafield tag="246" ind1="3" ind2="0">
   <subfield code="a">Snow and ice properties.</subfield>
  </datafield>
  <datafield tag="246" ind1="3" ind2="0">
   <subfield code="a">Bridge deck insulation.</subfield>
  </datafield>
  <datafield tag="246" ind1="3" ind2="0">
   <subfield code="a">Pavement electrical heating.</subfield>
  </datafield>
  <datafield tag="246" ind1="3" ind2="0">
   <subfield code="a">Performance of bonded concrete overlays.</subfield>
  </datafield>
  <datafield tag="264" ind1=" " ind2="1">
   <subfield code="a">Washington, D.C.</subfield>
   <subfield code="b">Highway Research Board of the Division of Engineering and Industrial Research, National Academy of Sciences-National Research Council</subfield>
   <subfield code="c">1965.</subfield>
  </datafield>
  <datafield tag="300" ind1=" " ind2=" ">
   <subfield code="a">98 p.</subfield>
   <subfield code="b">ill., charts, plans</subfield>
   <subfield code="c">25 cm.</subfield>
  </datafield>
  <datafield tag="490" ind1="1" ind2=" ">
   <subfield code="a">Highway research record</subfield>
   <subfield code="v">no. 94.</subfield>
  </datafield>
  <datafield tag="490" ind1="1" ind2=" ">
   <subfield code="a">National Research Council. Publication</subfield>
   <subfield code="v">1310.</subfield>
  </datafield>
  <datafield tag="504" ind1=" " ind2=" ">
   <subfield code="a">Includes bibliographical references.</subfield>
  </datafield>
  <datafield tag="505" ind1="0" ind2=" ">
   <subfield code="a">Highway maintenance costs : a consideration for developing areas / Mathew J. Betz -- Snow and ice properties pertinent to winter highway maintenance / L.D. Minsk -- Snow and ice removal from road surfaces by electrical heating / J.D. George, C.S. Wiffen -- A 10-year report on performance of bonded concrete resurfacings / Roy W. Gillette -- Effect of bridge deck insulation on icing conditions / Malcolm D. Graham, Ignatius F. Rizzuto, Joseph A. Corbisiero.</subfield>
  </datafield>
  <datafield tag="650" ind1=" " ind2="0">
   <subfield code="a">Roads</subfield>
   <subfield code="x">Maintenance and repair.</subfield>
  </datafield>
  <datafield tag="650" ind1=" " ind2="0">
   <subfield code="a">Roads</subfield>
   <subfield code="x">Snow and ice control.</subfield>
  </datafield>
  <datafield tag="650" ind1=" " ind2="7">
   <subfield code="a">Snow and ice control.</subfield>
   <subfield code="2">trt.</subfield>
  </datafield>
  <datafield tag="710" ind1="2" ind2=" ">
   <subfield code="a">National Research Council (U.S.).</subfield>
   <subfield code="b">Highway Research Board.</subfield>
   <subfield code="b">Meeting</subfield>
   <subfield code="n">(44th</subfield>
   <subfield code="d">1965</subfield>
   <subfield code="c">Washington, D.C.).</subfield>
  </datafield>
  <datafield tag="710" ind1="2" ind2=" ">
   <subfield code="a">National Research Council (U.S.).</subfield>
   <subfield code="b">Highway Research Board.</subfield>
   <subfield code="b">Committee on Maintenance Costs.</subfield>
  </datafield>
  <datafield tag="710" ind1="2" ind2=" ">
   <subfield code="a">National Research Council (U.S.).</subfield>
   <subfield code="b">Highway Research Board.</subfield>
   <subfield code="b">Committee on Salvaging Old Pavements by Resurfacing.</subfield>
  </datafield>
  <datafield tag="710" ind1="2" ind2=" ">
   <subfield code="a">National Research Council (U.S.).</subfield>
   <subfield code="b">Highway Research Board.</subfield>
   <subfield code="b">Committee on Snow and Ice Control.</subfield>
  </datafield>
  <datafield tag="710" ind1="2" ind2=" ">
   <subfield code="a">National Research Council (U.S.).</subfield>
   <subfield code="b">Highway Research Board.</subfield>
   <subfield code="b">Committee on Effect of Ice Control.</subfield>
  </datafield>
  <datafield tag="830" ind1=" " ind2="0">
   <subfield code="a">Highway research record</subfield>
   <subfield code="v">no. 94.</subfield>
  </datafield>
  <datafield tag="830" ind1=" " ind2="0">
   <subfield code="a">Publication (National Research Council (U.S.))</subfield>
   <subfield code="v">1310.</subfield>
  </datafield>
  <datafield tag="852" ind1="0" ind2=" ">
   <subfield code="a">UPD</subfield>
   <subfield code="b">NCTS</subfield>
  </datafield>
  <datafield tag="942" ind1=" " ind2=" ">
   <subfield code="a">Book</subfield>
  </datafield>
 </record>
</collection>
